000 00282nam a2200121Ia 4500
005 20260328104304.0
008 260328s9999||||xx |||||||||||||| ||und||
100 _aSkötte, Hans
245 0 _aTYIN Tegnestue /
_cHans Skötte
260 _bMUSAC
650 _aDOCENTES
942 _cBK
999 _c10710
_d10710